Statystyki dla TOP 10 piosenek -Blacha

Kliknij tutaj aby rozwiązać quiz!

Ogólne statystyki

  • Ten quiz został rozwiązany 149 razy
  • Średni wynik to 5 z 10

Statystyki odpowiedzi

#viewsutwór% Poprawnych
270 mlnCasablanca
96%
191 mlnMademoiselle
78%
338 mlnBraciszku
63%
425 mlnBEZ MOICH BRACI
51%
716 mlnPomarańczowe Niebo
43%
813 mlnChemia
40%
519 mlnBonnie & Clyde
37%
912 mlnHavana
29%
617 mlnLaleh
21%
1011 mlnKARIBIK
12%

Rozkład punktacji

Percentyl według liczby udzielonych odpowiedzi

Procent ludzi z każdym wynikiem

Twoja historia wyników

Nie rozwiązałeś tego quizu